Conservation Status Multiple Choice - Statistics

General Stats
  • This quiz has been taken 33 times
  • The average score is 7 of 20
Answer Stats
Question Answer % Correct
Bornean orangutan Critically Endangered
100%
Saltwater crocodile Least Concern
63%
Ring-tailed lemur Endangered
50%
Steller's sea cow Extinct
50%
Alpine ibex Least Concern
50%
American lobster Least Concern
50%
Goliath frog Endangered
38%
Indian rhinoceros Vulnerable
38%
South American tapir Vulnerable
38%
Tristan albatross Critically Endangered
25%
Grey parrot Endangered
25%
Jackson's chameleon Least Concern
25%
Japanese giant salamander Near Threatened
25%
Great white shark Vulnerable
25%
European hamster Critically Endangered
13%
Broad-faced potoroo Extinct
13%
Scimitar oryx Extinct in the Wild
13%
Hawaiian crow Extinct in the Wild
13%
Atlantic puffin Vulnerable
13%
Komodo dragon Vulnerable
13%
No matching quizzes found
Score Distribution
Percent of People with Each Score
Percentile by Number Answered
Your Score History
You have not taken this quiz